Top Scorers of UEFA Champions League Per Season - Statistics

General Stats
  • This quiz has been taken 71 times
  • The average score is 44 of 98
Answer Stats
Season Answer Club Number of Goals % Correct
2007/2008 Cristiano Ronaldo Manchester United 8
100%
2012/2013 Cristiano Ronaldo Real Madrid 12
100%
2013/2014 Cristiano Ronaldo Real Madrid 17
100%
2014/2015 Cristiano Ronaldo Real Madrid 10
100%
2015/2016 Cristiano Ronaldo Real Madrid 16
100%
2016/2017 Cristiano Ronaldo Real Madrid 12
100%
2017/2018 Cristiano Ronaldo Real Madrid 15
100%
2008/2009 Lionel Messi Barcelona 9
100%
2009/2010 Lionel Messi Barcelona 8
100%
2010/2011 Lionel Messi Barcelona 12
100%
2011/2012 Lionel Messi Barcelona 14
100%
2014/2015 Lionel Messi Barcelona 10
100%
2018/2019 Lionel Messi Barcelona 12
100%
2019/2020 Robert Lewandowski Bayern München 15
100%
2014/2015 Neymar Barcelona 10
99%
2021/2022 Karim Benzema Real Madrid 15
96%
2020/2021 Erling Braut Haaland Borussia Dortmund 10
91%
1999/2000 Raul Real Madrid 10
91%
2000/2001 Raul Real Madrid 7
91%
1998/1999 Andriy Shevchenko Dinamo Kyiv 8
84%
2005/2006 Andriy Shevchenko AC Milan 9
84%
2006/2007 Kaka AC Milan 10
84%
1972/1973 Gerd Müller Bayern München 11
81%
1973/1974 Gerd Müller Bayern München 8
81%
1974/1975 Gerd Müller Bayern München 5
81%
1976/1977 Gerd Müller Bayern München 5
81%
2001/2002 Ruud van Nistelrooy Manchester United 10
81%
2002/2003 Ruud van Nistelrooy Manchester United 12
81%
2004/2005 Ruud van Nistelrooy Manchester United 8
81%
1999/2000 Rivaldo Barcelona 10
79%
1997/1998 Alessandro del Piero Juventus 10
72%
1957/1958 Alfredo Di Stefano Real Madrid 10
72%
1961/1962 Alfredo Di Stefano Real Madrid 8
72%
1988/1989 Marco Van Basten AC Milan 10
72%
1959/1960 Ferenc Puskas Real Madrid 12
69%
1961/1962 Ferenc Puskas Real Madrid 8
69%
1963/1964 Ferenc Puskas Real Madrid 7
69%
1971/1972 Johan Cruyff Ajax 5
69%
1998/1999 Dwight Yorke Manchester United 8
63%
1964/1965 Eusébio Benfica 9
61%
1965/1966 Eusébio Benfica 7
61%
1967/1968 Eusébio Benfica 6
61%
2003/2004 Fernando Morientes Monaco 9
51%
1989/1990 Romario PSV Edinhoven 6
51%
1992/1993 Romario PSV Edinhoven 7
51%
1989/1990 Jean-Pierre Papin Marseille 6
49%
1990/1991 Jean-Pierre Papin Marseille 6
49%
1991/1992 Jean-Pierre Papin Marseille 7
49%
1980/1981 Karl-Heinz Rummenigge Bayern München 6
48%
1994/1995 George Weah PSG 7
46%
1984/1985 Michel Platini Juventus 7
46%
1995/1996 Jari Litmanen Ajax 9
39%
1982/1983 Paolo Rossi Juventus 6
39%
1968/1969 Denis Law Manchester United 9
30%
1999/2000 Mario Jardel Porto 10
30%
1993/1994 Ronald Koeman Barcelona 8
30%
1987/1988 Gheorghe Hagi Steaua Bucuresti 4
25%
1965/1966 Florian Albert Ferencvaros 7
21%
1958/1959 Just Fontaine Reims 10
21%
1975/1976 Jupp Heynckes Borussia Mönchengladbach 6
15%
1981/1982 Dieter Hoeneß Bayern München 7
13%
1980/1981 Greame Souness Liverpool 6
12%
1964/1965 José Torres Benfica 9
12%
1977/1978 Allan Simonsen Borussia Mönchengladbach 5
10%
1987/1988 Ally McCoist Rangers 4
10%
1963/1964 Sandro Mazzola Inter Milan 7
10%
1962/1963 José Altafini AC Milan 14
7%
1987/1988 Rabah Madjer Porto 4
7%
1980/1981 Terry McDermott Liverpool 6
6%
1956/1957 Dennis Viollet Manchester United 9
4%
1996/1997 Milinko Pantic Atletico de Madrid 5
4%
1993/1994 Wynton Rufer Werden Bremen 8
4%
1960/1961 José Aguas Benfica 11
3%
1987/1988 Michel Real Madrid 4
3%
1966/1967 Paul Van Himst Anderlecht 6
3%
1987/1988 Rui Aguas Benfica 4
3%
1961/1962 Heinz Strehl 1. FC Nürnberg 8
1%
1969/1970 Mick Jones Leeds United 8
1%
1987/1988 René Van der Gijp Neuchatel Xamax 4
1%
1971/1972 Antal Dunai Ujpest 5
0%
1970/1971 Antonis Antoniadis Panathinaikos 10
0%
1986/1987 Borislav Cvetkovic Red Star Belgrade 7
0%
1978/1979 Claudio Sulser Grasshopper 11
0%
1974/1975 Eduard Markarov Ararat Yerevan 5
0%
1976/1977 Franco Cucinotta Zürich 5
0%
1966/1967 Jürgen Piepenburg Vorwärts Berlin 6
0%
1961/1962 Justo Tejada Real Madrid 8
0%
1971/1972 Lou Macari Celtic 5
0%
1955/1956 Milos Milutinovic Partizan Begrade 8
0%
1987/1988 Petar Nowak Sparta Prague 4
0%
1990/1991 Peter Pacult Tirol Innsbruck 6
0%
1991/1992 Sergei Yuran Benfica 7
0%
1971/1972 Silverster Takac Standard Liège 5
0%
1979/1980 Søren Lerby Ajax 10
0%
1984/1985 Torbjörn Nilsson IFK Göteborg 7
0%
1985/1986 Torbjörn Nilsson IFK Göteborg 6
0%
1983/1984 Viktor Sokol Dinamo Minsk 6
0%
1963/1964 Vladica Kovacevic Partizan Belgrade 7
0%
No matching quizzes found
Score Distribution
Percent of People with Each Score
Percentile by Number Answered
Your Score History
You have not taken this quiz